| 000 | 02503nam0a2200397 i 4500 | ||
|---|---|---|---|
| 001 | RU\NLR\bibl\2049221 | ||
| 005 | 20260408103352.0 | ||
| 010 |
_a9785899713507 _91000 |
||
| 021 |
_aRU _b2013-42311 _92926 |
||
| 035 | _a(nilc)RuMoRGB-006588287 | ||
| 035 | _a(NLR Aleph) 002036302 | ||
| 090 |
_a4574516 _c4574516 |
||
| 100 | _a20130603d2012 u y0rusy50 ca | ||
| 101 | 0 | _arus | |
| 102 | _aRU | ||
| 105 | _ay zzzz||||| | ||
| 200 | 1 |
_aЭтническая толерантность и межнациональный мир на Северном Кавказе _eматериалы Всероссийской научно-практической конференции _f[сост.: А. А. Цыбульникова _gредкол.: д.ист.н., проф. С.Л. Дударев (отв. ред.) и др.] |
|
| 210 |
_aАрмавир _cАГПА _d2012 |
||
| 215 |
_a319 с. _d21 |
||
| 300 | _aВ надзаг.: М-во образования и науки РФ, Межнар. акад. информатизации, Общественная акад. наук, культуры и образования Кавказа, Армавирская гос. пед. акад. | ||
| 320 | _aБиблиогр. в примеч. в конце докл. | ||
| 606 | 1 |
_aНациональные отношения _jСъезды, совещания и т.п. _yКавказ Северный _92091170 _3RU\NLR\auth\661265691 |
|
| 606 |
_aТолерантность этническая _jСъезды, совещания и т.п. _92125682 _3RU\NLR\auth\661586841 |
||
| 610 | 0 | _aнациональные меньшинства | |
| 610 | 0 | _aнациональная политика | |
| 686 | _aТ3(2Р37)74-36 | ||
| 702 | 1 |
_aДударев _bС. Л. _gСергей Леонидович _4340 |
|
| 702 | 1 |
_4220 _8rus _7ca _aЦыбульникова _bА. А. _f1978- _gАнастасия Александровна _3RU\NLR\auth\7728819 _911849 |
|
| 711 | 1 | 2 |
_a"Этническая толерантность и межнациональный мир на Северном Кавказе", всероссийская научно-практическая конференция _f2012 _eАрмавир _3RU\NLR\AUTH\8810242623 _9371130 |
| 801 | 0 |
_aRU _bRuMoRKP _c20130603 _gRCR |
|
| 801 | 2 |
_aRU _bРГБ _c20130617 _grcr |
|
| 801 | 1 |
_aRU _bRuMoRKP _c20130603 _2rusmarc |
|
| 801 | 2 |
_aRU _bNLR _c20130702 _grcr |
|
| 942 | _cBOOK | ||
| 980 | _aNBR | ||